| 000 -LEADER |
| fixed length control field |
00611cam a2200217 a 4500 |
| 001 - CONTROL NUMBER |
| control field |
1958 |
| 003 - CONTROL NUMBER IDENTIFIER |
| control field |
BD-DhUAP |
| 005 - DATE AND TIME OF LATEST TRANSACTION |
| control field |
20210202111618.0 |
| 008 - FIXED-LENGTH DATA ELEMENTS--GENERAL INFORMATION |
| fixed length control field |
210202s1991 cau 000 0 eng |
| 010 ## - LIBRARY OF CONGRESS CONTROL NUMBER |
| LC control number |
90084924 |
| 020 ## - INTERNATIONAL STANDARD BOOK NUMBER |
| International Standard Book Number |
1560520949 (pbk.) |
| 040 ## - CATALOGING SOURCE |
| Original cataloging agency |
DLC |
| Transcribing agency |
DLC |
| Modifying agency |
BD-DhUAP |
| Language of cataloging |
eng |
| 082 ## - DEWEY DECIMAL CLASSIFICATION NUMBER |
| Edition number |
23 |
| Classification number |
808.042 BON |
| 100 1# - MAIN ENTRY--PERSONAL NAME |
| Personal name |
Bonet, Diana. |
| 245 10 - TITLE STATEMENT |
| Title |
Clear writing : |
| Remainder of title |
a step-by-step guide / |
| Statement of responsibility, etc. |
Diana Bonet. |
| 260 ## - PUBLICATION, DISTRIBUTION, ETC. |
| Place of publication, distribution, etc. |
Los Altos, Calif. : |
| Name of publisher, distributor, etc. |
Crisp Publications, |
| Date of publication, distribution, etc. |
c1991. |
| 300 ## - PHYSICAL DESCRIPTION |
| Extent |
110 pages ; |
| Dimensions |
26 cm. |
| 650 #0 - SUBJECT ADDED ENTRY--TOPICAL TERM |
| Topical term or geographic name entry element |
Business writing. |
| 650 #0 - SUBJECT ADDED ENTRY--TOPICAL TERM |
| Topical term or geographic name entry element |
English language |
| General subdivision |
Rhetoric. |
| 942 ## - ADDED ENTRY ELEMENTS (KOHA) |
| Source of classification or shelving scheme |
|
| Koha item type |
Book |